Write better, speak better

Contents: How to write better. Good writing: a skill you can learn; Secrets of good letter writing; Handling your personal correspondence; Give your letters the right look; Social notes and invitations; How to write for information; How to complain and get action; Writing your public officials; Writ...

ver descrição completa

Na minha lista:
Detalhes bibliográficos
Formato: Livro
Idioma:Undetermined
Publicado em: Pleasantville, N.Y. Reader's Digest Association 1977
Assuntos:
Tags: Adicionar Tag
Sem tags, seja o primeiro a adicionar uma tag!
Thư viện lưu trữ: Trung tâm Học liệu Trường Đại học Cần Thơ
LEADER 01065nam a2200193Ia 4500
001 CTU_186640
008 210402s9999 xx 000 0 und d
082 |a 808 
082 |b W956 
245 0 |a Write better, speak better 
245 0 |c Reader's digest 
260 |a Pleasantville, N.Y. 
260 |b Reader's Digest Association 
260 |c 1977 
520 |a Contents: How to write better. Good writing: a skill you can learn; Secrets of good letter writing; Handling your personal correspondence; Give your letters the right look; Social notes and invitations; How to write for information; How to complain and get action; Writing your public officials; Writing to newspapers, magazines, and TV; Applying to schools and colleges; Writing and your college career; How to write a research paper; Précis, book reports, and project reports; Taking written examinations; Applying for a job... 
650 |a English language,Ngôn ngữ Anh 
650 |x Rhetoric,Tu từ học 
904 |i Giang 
980 |a Trung tâm Học liệu Trường Đại học Cần Thơ